01692nam a2200385 a 4500001001200000003000800012006001900020007001500039008004100054010001700095015001500112020001800127020001800145020002200163040002100185035002100206050002200227082001700249100006100266245011800327260004400445300002200489490005100511504006400562505016400626533015200790650003100942650003000973655002901003700003001032710001701062800008401079856012601163999001701289ebr10224790CaPaEBRm u cr cn|||||||||050510s2005 enka sb 001 0 eng d z 2005298057 aGBA3-T5127 z9780826458728 z9781847142740 z0826458726 (hbk.) aCaPaEBRcCaPaEBR a(OCoLC)56058850714aP98b.H335 2005eb04a410/.2852221 aHalliday, M. A. K.q(Michael Alexander Kirkwood),d1925-10aComputational and quantitative studiesh[electronic resource] /cM.A.K. Halliday ; edited by Jonathan J. Webster. aLondon ;aNew York :bContinuum,c2005. ax, 300 p. :bill.1 aThe collected works of M.A.K. Halliday ;vv. 6 aIncludes bibliographical references (p. 285-293) and index.0 apt. 1. Machine translation : the early years -- pt. 2. Probabilistic grammar and the corpus -- pt. 3. Towards 'intelligent computing' (computing with meaning). aElectronic reproduction.bPalo Alto, Calif. :cebrary,d2013.nAvailable via World Wide Web.nAccess may be limited to ebrary affiliated libraries. 0aComputational linguistics. 0aMathematical linguistics. 7aElectronic books.2local1 aWebster, Jonathan,d1955-2 aebrary, Inc.1 aHalliday, M. A. K.q(Michael Alexander Kirkwood),d1925-tWorks.f2002 ;vv. 6.40uhttp://site.ebrary.com/lib/rucke/Doc?id=10224790zAn electronic book accessible through the World Wide Web; click to view c26474d26474